01872nab a2200445 i 450000100060000000300080000600500170001400600190003100700150005000800410006502200140010603500210012004000310014105000190017208000100019108200170020110000280021824501040024626400740035030000450042431000200046933600310048933700330052033800430055336200250059658801280062159001640074965000370091365000400095065000420099065000560103265000600108865000500114865500320119870000460123077300530127679700190132985600610134899900170140921986FlNmELB20241216213953.0m o d | cr cnu||||||||141218c19729999sp tr p o 0 b0spa d z0034-7639 a(OCoLC)992041789 aFINmELBbspaerdacFINmELB 4aK8b.M386 1972 a342.90 a342.83062231 aMartín Queralt, Juan.10aContencioso-administrativo :btributario /cJuan Martín Queralt, Juan José Bayona de Perogordo. 1a[Madrid] :bCentro de estudios políticos y constitucionales,c1972. a1 recurso en línea (páginas 347-453) a[Cuatrimestral] atextobtxt2rdacontent/spa acomputadorabc2rdamedia/spa arecurso en líneabcr2rdacarrier/spa0 aNúmero 067 (1972)- aDescripción basada en recurso en línea; Título de la página del título en PDF (e-libro, visto December 18, 2014). aRecurso electrónico. Santa Fe, Arg.: e-libro, 2015. Disponible vía World Wide Web. El acceso puede estar limitado para las bibliotecas afiliadas a e-libro. 0aAdministrative lawvPeriodicals. 0aPublic administrationvPeriodicals. 0aTaxationxLaw and legislationzSpain. 4aDerecho administrativovPublicaciones periódicas. 4aAdministración públicavPublicaciones periódicas. 4aImpuestosxDerecho y legislaciónzEspaña. 4aArtículos electrónicos.1 aBayona de Perogordo, Juan José,eautor.0 tRevista de administración públicax0034-76392 ae-libro, Corp.40uhttps://elibro.net/ereader/politecnicointernacional/1828 c21986d21986